=LDR 00000nam 2200000 4500 =001 INLIS000000000040354 =005 20130612145924 =008 ***********************************Ind** =035 ##$$a0010-061300000040354 =041 ##$$a Ind =082 ##$$a 813 =090 ##$$a 813, Kor d =100 ##$$a Korbei, Karleen =245 ##$$a Dangerous temptation, Rayuan berbahaya/ Karleen Korbei; alih bahasa, Linda Buhtaran =260 ##$$a 2009 $b Jakarta =300 ##$$a 336 hlm., 18 cm =650 ##$$a Fiksi =700 ##$$a Buhtaran, Linda =850 ##$$a NBPNMAT =990 ##$$a 21194740/BPAP-NTB/2014 =990 ##$$a 21400613/BPAP-NTB/20142014 =990 ##$$a 0001/BPAP-NTB/20142014